000 00823nam a2200241 i 4500
001 bg
245 0 0 _aAgroturystyka /
_cpod. red. Krzysztofa Młynarczyka ; [aut. Stanisława Czarniawska-Zając et al.].
260 _aOlsztyn :
_bWydaw. Uniwersytetu Warmińsko-Mazurskiego,
_c2002.
300 _a236 s. :
_bil. ;
_c24 cm.
504 _aBibliogr.
650 9 _aAgroturystyka
655 _aPodręczniki akademickie
700 1 _aMŁYNARCZYK, Krzysztof.
_eRed.
700 1 _aCZARNIAWSKA-ZAJĄC, Stanisława
020 _a8372991669
040 _cBPK
041 0 _apol
080 _a338.48:338.43](075.8)
920 _a83-7299-166-9
942 _cKS
008 s pl f |000 0 pol
999 _c45035
_d45035
856 _uhttp://koha.tu.koszalin.pl/cgi-bin/koha/opac-detail.pl?biblionumber=45035
_yKatalog online BPK